000 01102nam a2200241Ia 4500
999 _c38665
_d38665
001 4894
003 GE_BSU
005 20190815101706.0
008 181216s2007||||ge |||||||||||||| ||geo||
020 _a978994059553
040 _cGE_BSU
041 _ageo
080 _a27-788(=353.1) + 332.21(479.22) ხ-96
100 _aხუციშვილი, ნიკო
_93608
245 _aიერუსალიმის ჯვრის მონასტრის მიწათმფლობელობა საქართველოში /
_cნიკო ხუციშვილი.
250 _aმეორე გამოც.
264 _aთბილისი :
_bარტანუჯი ;
_c2007.
300 _a166 გვ.:
_bსქემები ;
_c20 სმ.
541 _h3ლ.70თ.
653 _aიერუსალიმის ჯვრის მონასტრის მიწათმფლობელობა საქართველოში
710 _aხელნაწერთა ეროვნული ცენტრი
_93609
942 _cBK
_2udc